| 000 | 00413 a2200133 4500 | ||
|---|---|---|---|
| 020 | _a0133539121 : | ||
| 020 | _a0134843940 | ||
| 082 | _a624.1513 HOL | ||
| 100 | _aHoltz, R. D. | ||
| 245 |
_aAn introduction to geotechnical engineering / _cRobert D. Holtz, William D. Kovacs. |
||
| 260 |
_aEnglewood Cliffs, N.J. : _bPrentice-Hall, _c1981. |
||
| 300 |
_axiv, 733 p. : _bill. ; _c24 cm. |
||
| 650 | _aSoil mechanics. | ||
| 650 | _aRock mechanics. | ||
| 999 |
_c998 _d998 |
||